000
00327 a2200157 4500
001
75347
020
_a
9788526010949
040
_c
Anchieta - Colégio São Paulo
100
_a
Furnari, Eva
240
1
0
_a
Zig zag
_l
por
245
1
0
_a
Zig zag
300
_a
31
362
0
_a
2012
650
4
_a
Literatura infantil
942
_c
BK
999
_c
75347
_d
75347